| 000 | 00629nam a2200217 u 4500 | ||
|---|---|---|---|
| 001 | 65948 | ||
| 005 | 20180714073514.0 | ||
| 008 | 160818s1993 mx r 000 0 spa d | ||
| 020 | _a968-29-5765-6 | ||
| 082 |
_a892.73 _bCLE |
||
| 100 | 1 |
_aClemente, Oracio _eautor |
|
| 245 | 1 | 4 | _aLas mil y una noche. |
| 250 | _aPrimera edición | ||
| 264 |
_aMéxico : _bCentro Editor de América Latina S.A. _c1994 |
||
| 300 |
_a110 Páginas ; _c23 cm. |
||
| 336 |
_atexto _2rdacontent |
||
| 337 |
_asin mediación _2rdamedia |
||
| 338 |
_avolumen _2rdacarrier |
||
| 650 | 0 | _aCuentos Arabes | |
| 700 | 1 | _aClemente, Oracio | |
| 999 |
_c65948 _d65948 |
||